Odmiany #1 - Statystyki

Ogólne statystyki
  • Ten quiz został rozwiązany 10 razy
  • Średni wynik to 12 z 22
Statystyki odpowiedzi
Odpowiedź % Poprawnych
onaż
100%
onąż
100%
oneż
100%
oniż
100%
onoż
100%
oważ
100%
owąż
100%
oweż
100%
owiż
100%
owoż
100%
onejże
50%
onychże
50%
owejże
50%
owychże
50%
onegoż
0%
onemuż
0%
onymiż
0%
onymże
0%
owegoż
0%
owemuż
0%
owymiż
0%
owymże
0%
Nie znaleziono quizów pasujących do podanych kryteriów
Rozkład punktacji
Procent ludzi z każdym wynikiem
Percentyl według liczby udzielonych odpowiedzi
Twoja historia wyników
Nie rozwiązałeś tego quizu